000 01240nam a2200289 i 4500
003 EG-GICUC
005 20260121101648.0
008 260105s2000 ua ||||fr|||| 00| 0 ara d
040 _a EG-GICUC
_bara
_c EG-GICUC
_d EG-GICUC
_erda
041 _aara
082 0 4 _221
_a345.6320532
_bم ح . ط
092 0 4 _221
099 _aLaw1 07 345.6320532 م ح . ط 2000
100 0 _aمحمد على عبده سليمان
_eمؤلف.
245 1 2 _aالطعن بإلغاء القرارات الإدارية فى الجمهورية اليمنية :
_bدراسة مقارنة /
_cمحمد على عبده سليمان.
264 1 _a[مكان النشر غير محدد] :
_b[الناشر غير محدد],
_c2000.
300 _a341 صفحة ؛
_c24 سم
336 _2rda content
_atext
337 _2rda media
_aComputer
338 _2rda carrier
_aOnline Resource
504 _aيحتوي على ارجاعات ببليوجرافية يحتوي على قائمة بالمراجع
546 _aالنص باللغة العربية
650 1 4 _aبطلان القرار الإداري
_xالقانون الإداري
_zاليمن
856 4 0 _uhttps://fll.law.cu.edu.eg/fulltext/bks/B07-02067.pdf
905 _a75
942 _2ddc
_cBK
_e21
_n0
999 _c54556
_d54556